[Event "DVM U20 2022"]
[Site "Münster GER"]
[Date "2022.12.29"]
[Round "6"]
[White "Waffenschmidt, Lars"]
[Black "Weidemann, Jakob"]
[Result "1-0"]
[Termination "normal"]
[Board "6.1"]
[WhiteTitle "FM"]
[WhiteElo "2287"]
[BlackElo "2169"]
[WhiteClock "00:34:52"]
[BlackClock "00:17:10"]
[WhiteTeam "SK Bebenhausen 1992"]
[BlackTeam "Schachklub Münster 32 e. V."]
[PlyCount "95"]
[WhiteFideId "16244656"]
[BlackFideId "16255470"]
[EventCountry "GER"]
[EventRounds "7"]
[EventType "team-swiss"]
[EventDate "2022.12.26"]

1. e4 {[%clk 01:30:59]} {[%emt 01:26:40]} c5 {[%clk 01:30:53]} {[%emt
00:00:07]} 2. Nf3 {[%clk 01:31:24]} {[%emt 00:00:05]} e6 {[%clk 01:31:15]}
{[%emt 00:00:08]} 3. d4 {[%clk 01:31:48]} {[%emt 00:00:06]} cxd4 {[%clk
01:31:38]} {[%emt 00:00:07]} 4. Nxd4 {[%clk 01:32:11]} {[%emt 00:00:07]} Nf6
{[%clk 01:31:59]} {[%emt 00:00:08]} 5. Nc3 {[%clk 01:32:34]} {[%emt 00:00:07]}
Nc6 {[%clk 01:32:21]} {[%emt 00:00:08]} 6. Ndb5 {[%clk 01:32:54]} {[%emt
00:00:09]} Bc5 {[%clk 01:32:42]} {[%emt 00:00:09]} 7. Bf4 {[%clk 01:33:14]}
{[%emt 00:00:10]} O-O {[%clk 01:33:02]} {[%emt 00:00:09]} 8. Bc7 {[%clk
01:33:36]} {[%emt 00:00:09]} Qe7 {[%clk 01:33:25]} {[%emt 00:00:07]} 9. Bd6
{[%clk 01:33:53]} {[%emt 00:00:12]} Bxd6 {[%clk 01:33:45]} {[%emt 00:00:11]}
10. Qxd6 {[%clk 01:34:15]} {[%emt 00:00:08]} Qd8 {[%clk 01:33:59]} {[%emt
00:00:16]} 11. O-O-O {[%clk 01:32:55]} {[%emt 00:01:49]} a6 {[%clk 01:34:16]}
{[%emt 00:00:14]} 12. Nd4 {[%clk 01:32:53]} {[%emt 00:00:32]} Ne7 {[%clk
01:34:01]} {[%emt 00:00:45]} 13. h4 {[%clk 01:31:54]} {[%emt 00:01:29]} b5
{[%clk 01:33:03]} {[%emt 00:01:28]} 14. h5 {[%clk 01:31:04]} {[%emt 00:01:20]}
Ne8 {[%clk 01:32:57]} {[%emt 00:00:36]} 15. Qh2 {[%clk 01:24:21]} {[%emt
00:07:12]} Bb7 {[%clk 01:32:36]} {[%emt 00:00:51]} 16. h6 {[%clk 01:12:22]}
{[%emt 00:12:30]} g6 {[%clk 01:32:25]} {[%emt 00:00:41]} 17. Qf4 {[%clk
01:03:01]} {[%emt 00:09:51]} Rc8 {[%clk 01:28:13]} {[%emt 00:04:42]} 18. Rh3
{[%clk 01:01:06]} {[%emt 00:02:24]} Qc7 {[%clk 01:27:29]} {[%emt 00:01:14]} 19.
Qh4 {[%clk 00:59:28]} {[%emt 00:02:06]} d5 {[%clk 01:20:56]} {[%emt 00:07:05]}
20. e5 {[%clk 00:46:18]} {[%emt 00:13:39]} Nc6 {[%clk 01:15:19]} {[%emt
00:06:07]} 21. Nxc6 {[%clk 00:45:32]} {[%emt 00:01:17]} Bxc6 {[%clk 01:15:09]}
{[%emt 00:00:40]} 22. Re3 {[%clk 00:40:55]} {[%emt 00:05:07]} Qd8 {[%clk
01:12:10]} {[%emt 00:03:28]} 23. Qg4 {[%clk 00:39:53]} {[%emt 00:01:32]} Qe7
{[%clk 01:10:58]} {[%emt 00:01:42]} 24. Ne2 {[%clk 00:38:36]} {[%emt 00:01:47]}
Nc7 {[%clk 01:02:28]} {[%emt 00:09:00]} 25. Nd4 {[%clk 00:37:40]} {[%emt
00:01:26]} Na8 {[%clk 00:59:37]} {[%emt 00:03:21]} 26. Rc3 {[%clk 00:32:24]}
{[%emt 00:05:45]} Bd7 {[%clk 00:59:11]} {[%emt 00:00:56]} 27. Ra3 {[%clk
00:29:41]} {[%emt 00:03:13]} Nc7 {[%clk 00:55:39]} {[%emt 00:04:02]} 28. Kb1
{[%clk 00:29:35]} {[%emt 00:00:36]} Ra8 {[%clk 00:53:47]} {[%emt 00:02:22]} 29.
Re3 {[%clk 00:24:44]} {[%emt 00:05:21]} Rfb8 {[%clk 00:52:53]} {[%emt
00:01:24]} 30. Ka1 {[%clk 00:23:37]} {[%emt 00:01:37]} b4 {[%clk 00:50:12]}
{[%emt 00:03:12]} 31. Qf4 {[%clk 00:22:10]} {[%emt 00:01:56]} Nb5 {[%clk
00:48:49]} {[%emt 00:01:54]} 32. Nf3 {[%clk 00:21:30]} {[%emt 00:01:10]} a5
{[%clk 00:47:31]} {[%emt 00:01:48]} 33. Bxb5 {[%clk 00:19:24]} {[%emt
00:02:36]} Bxb5 {[%clk 00:46:34]} {[%emt 00:01:27]} 34. Rc1 {[%clk 00:17:17]}
{[%emt 00:02:37]} Rc8 {[%clk 00:45:53]} {[%emt 00:01:11]} 35. Qg5 {[%clk
00:14:12]} {[%emt 00:03:34]} Qxg5 {[%clk 00:44:56]} {[%emt 00:01:28]} 36. Nxg5
{[%clk 00:13:36]} {[%emt 00:01:06]} Rc4 {[%clk 00:35:35]} {[%emt 00:09:51]} 37.
b3 {[%clk 00:10:33]} {[%emt 00:03:32]} Rg4 {[%clk 00:26:26]} {[%emt 00:09:40]}
38. Rg3 {[%clk 00:10:33]} {[%emt 00:00:29]} Rxg3 {[%clk 00:26:41]} {[%emt
00:00:17]} 39. fxg3 {[%clk 00:10:57]} {[%emt 00:00:06]} Rc8 {[%clk 00:25:41]}
{[%emt 00:01:30]} 40. Kb2 {[%clk 00:10:13]} {[%emt 00:01:13]} Rc3 {[%clk
00:14:29]} {[%emt 00:11:42]} 41. Nf3 {[%clk 00:10:21]} {[%emt 00:00:22]} Kf8
{[%clk 00:23:29]} {[%emt 00:21:30]} 42. a3 {[%clk 00:40:23]} {[%emt 00:00:29]}
Re3 {[%clk 00:22:13]} {[%emt 00:01:46]} 43. axb4 {[%clk 00:39:46]} {[%emt
00:01:07]} axb4 {[%clk 00:22:09]} {[%emt 00:00:34]} 44. Ra1 {[%clk 00:37:51]}
{[%emt 00:02:25]} Bc6 {[%clk 00:20:43]} {[%emt 00:01:56]} 45. Ra6 {[%clk
00:35:19]} {[%emt 00:03:02]} Rc3 {[%clk 00:18:59]} {[%emt 00:02:14]} 46. Ng5
{[%clk 00:34:47]} {[%emt 00:01:01]} d4 {[%clk 00:16:52]} {[%emt 00:02:37]} 47.
Nxh7 {[%clk 00:35:03]} {[%emt 00:00:15]} Ke7 {[%clk 00:17:10]} {[%emt
00:00:12]} 48. Ra7 {[%clk 00:34:52]} {[%emt 00:00:41]} 1-0

[Event "DVM U20 2022"]
[Site "Münster GER"]
[Date "2022.12.29"]
[Round "6"]
[White "Kamp, Adrian"]
[Black "Honisch, Alexander"]
[Result "1/2-1/2"]
[Termination "normal"]
[Board "6.2"]
[WhiteElo "1979"]
[BlackElo "1988"]
[WhiteClock "00:27:13"]
[BlackClock "00:15:54"]
[WhiteTeam "Schachklub Münster 32 e. V."]
[BlackTeam "SK Bebenhausen 1992"]
[PlyCount "65"]
[WhiteFideId "16222466"]
[BlackFideId "16298594"]
[EventCountry "GER"]
[EventRounds "7"]
[EventType "team-swiss"]
[EventDate "2022.12.26"]

1. e4 {[%clk 01:30:10]} {[%emt 00:00:49]} e5 {[%clk 01:30:03]} {[%emt
00:00:58]} 2. Nf3 {[%clk 01:30:24]} {[%emt 00:00:17]} Nc6 {[%clk 01:30:22]}
{[%emt 00:00:10]} 3. d4 {[%clk 01:30:45]} {[%emt 00:00:09]} exd4 {[%clk
01:30:21]} {[%emt 00:00:31]} 4. Nxd4 {[%clk 01:30:52]} {[%emt 00:00:23]} Bc5
{[%clk 01:30:01]} {[%emt 00:00:50]} 5. Nxc6 {[%clk 01:30:58]} {[%emt 00:00:24]}
Qf6 {[%clk 01:29:05]} {[%emt 00:01:26]} 6. Qf3 {[%clk 01:31:13]} {[%emt
00:00:15]} dxc6 {[%clk 01:27:41]} {[%emt 00:01:54]} 7. Nc3 {[%clk 01:30:44]}
{[%emt 00:00:59]} Be6 {[%clk 01:26:58]} {[%emt 00:01:13]} 8. Bd3 {[%clk
01:26:30]} {[%emt 00:04:44]} O-O-O {[%clk 01:24:44]} {[%emt 00:02:42]} 9. Qg3
{[%clk 01:25:06]} {[%emt 00:01:56]} Qe7 {[%clk 01:09:39]} {[%emt 00:15:36]} 10.
Be3 {[%clk 01:17:57]} {[%emt 00:07:39]} Nf6 {[%clk 01:06:50]} {[%emt 00:03:18]}
11. O-O-O {[%clk 01:14:28]} {[%emt 00:03:59]} Ng4 {[%clk 01:03:22]} {[%emt
00:03:59]} 12. Bxc5 {[%clk 01:13:11]} {[%emt 00:01:47]} Qxc5 {[%clk 01:03:44]}
{[%emt 00:00:08]} 13. Rhf1 {[%clk 01:11:02]} {[%emt 00:02:38]} Ne5 {[%clk
01:00:19]} {[%emt 00:03:54]} 14. Kb1 {[%clk 01:07:21]} {[%emt 00:04:11]} g6
{[%clk 00:51:53]} {[%emt 00:08:57]} 15. f4 {[%clk 01:03:02]} {[%emt 00:04:49]}
Nc4 {[%clk 00:50:56]} {[%emt 00:01:27]} 16. f5 {[%clk 00:58:39]} {[%emt
00:04:53]} gxf5 {[%clk 00:47:09]} {[%emt 00:04:18]} 17. exf5 {[%clk 00:58:13]}
{[%emt 00:00:55]} Bd5 {[%clk 00:46:13]} {[%emt 00:01:25]} 18. Bxc4 {[%clk
00:56:36]} {[%emt 00:02:07]} Bxc4 {[%clk 00:45:09]} {[%emt 00:01:35]} 19. Rfe1
{[%clk 00:45:52]} {[%emt 00:11:14]} Qxf5 {[%clk 00:33:59]} {[%emt 00:11:39]}
20. Re7 {[%clk 00:38:58]} {[%emt 00:07:24]} Rxd1 {[%clk 00:32:21]} {[%emt
00:02:09]} 21. Nxd1 {[%clk 00:39:20]} {[%emt 00:00:08]} Qa5 {[%clk 00:32:14]}
{[%emt 00:00:37]} 22. Nc3 {[%clk 00:39:29]} {[%emt 00:00:21]} Rd8 {[%clk
00:30:35]} {[%emt 00:02:09]} 23. a3 {[%clk 00:32:15]} {[%emt 00:07:44]} Be6
{[%clk 00:27:33]} {[%emt 00:03:33]} 24. Qf4 {[%clk 00:28:56]} {[%emt 00:03:49]}
Qb6 {[%clk 00:19:59]} {[%emt 00:08:04]} 25. b4 {[%clk 00:27:33]} {[%emt
00:01:53]} a5 {[%clk 00:18:14]} {[%emt 00:02:16]} 26. Na4 {[%clk 00:26:23]}
{[%emt 00:01:39]} Rd1 {[%clk 00:17:15]} {[%emt 00:01:29]} 27. Kb2 {[%clk
00:26:45]} {[%emt 00:00:08]} Qd4 {[%clk 00:17:05]} {[%emt 00:00:41]} 28. Qxd4
{[%clk 00:27:09]} {[%emt 00:00:06]} Rxd4 {[%clk 00:17:31]} {[%emt 00:00:04]}
29. Nc5 {[%clk 00:27:33]} {[%emt 00:00:06]} axb4 {[%clk 00:14:46]} {[%emt
00:03:15]} 30. Re8 {[%clk 00:26:05]} {[%emt 00:01:57]} Rd8 {[%clk 00:15:06]}
{[%emt 00:00:10]} 31. Rxd8 {[%clk 00:26:23]} {[%emt 00:00:12]} Kxd8 {[%clk
00:15:31]} {[%emt 00:00:05]} 32. Nxb7 {[%clk 00:26:47]} {[%emt 00:00:06]} Kc8
{[%clk 00:15:54]} {[%emt 00:00:07]} 33. Nc5 {[%clk 00:27:13]} {[%emt 00:00:04]}
1/2-1/2

[Event "DVM U20 2022"]
[Site "Münster GER"]
[Date "2022.12.29"]
[Round "6"]
[White "Freiherr von Hauff, Christopher"]
[Black "Schröder, Lennart"]
[Result "1-0"]
[Termination "normal"]
[Board "6.3"]
[WhiteElo "1852"]
[BlackElo "2011"]
[WhiteClock "00:59:43"]
[BlackClock "01:17:02"]
[WhiteTeam "SK Bebenhausen 1992"]
[BlackTeam "Schachklub Münster 32 e. V."]
[PlyCount "79"]
[WhiteFideId "16200691"]
[BlackFideId "16222490"]
[EventCountry "GER"]
[EventRounds "7"]
[EventType "team-swiss"]
[EventDate "2022.12.26"]

1. e4 {[%clk 01:30:58]} {[%emt 00:00:01]} c5 {[%clk 01:30:53]} {[%emt
00:00:07]} 2. c3 {[%clk 01:30:59]} {[%emt 00:00:29]} Nf6 {[%clk 01:31:15]}
{[%emt 00:00:08]} 3. e5 {[%clk 01:31:26]} {[%emt 00:00:04]} Nd5 {[%clk
01:31:39]} {[%emt 00:00:06]} 4. d4 {[%clk 01:31:43]} {[%emt 00:00:13]} cxd4
{[%clk 01:32:01]} {[%emt 00:00:07]} 5. Nf3 {[%clk 01:31:52]} {[%emt 00:00:21]}
Nc6 {[%clk 01:32:19]} {[%emt 00:00:11]} 6. Bc4 {[%clk 01:31:58]} {[%emt
00:00:25]} Nb6 {[%clk 01:32:42]} {[%emt 00:00:07]} 7. Bb3 {[%clk 01:32:23]}
{[%emt 00:00:05]} d5 {[%clk 01:33:01]} {[%emt 00:00:10]} 8. exd6 {[%clk
01:32:05]} {[%emt 00:00:49]} Qxd6 {[%clk 01:33:20]} {[%emt 00:00:11]} 9. O-O
{[%clk 01:31:50]} {[%emt 00:00:45]} Be6 {[%clk 01:33:37]} {[%emt 00:00:12]} 10.
Na3 {[%clk 01:29:06]} {[%emt 00:03:15]} dxc3 {[%clk 01:33:31]} {[%emt
00:00:36]} 11. Qe2 {[%clk 01:29:03]} {[%emt 00:00:33]} Bxb3 {[%clk 01:31:54]}
{[%emt 00:02:06]} 12. Nb5 {[%clk 01:29:22]} {[%emt 00:00:12]} Qb8 {[%clk
01:32:10]} {[%emt 00:00:14]} 13. axb3 {[%clk 01:29:43]} {[%emt 00:00:10]} e6
{[%clk 01:29:28]} {[%emt 00:03:11]} 14. g3 {[%clk 01:26:22]} {[%emt 00:03:51]}
Nd5 {[%clk 01:22:41]} {[%emt 00:07:17]} 15. bxc3 {[%clk 01:20:34]} {[%emt
00:06:18]} a6 {[%clk 01:19:35]} {[%emt 00:03:36]} 16. c4 {[%clk 01:17:29]}
{[%emt 00:03:36]} axb5 {[%clk 01:17:10]} {[%emt 00:02:54]} 17. Rxa8 {[%clk
01:17:49]} {[%emt 00:00:10]} Qxa8 {[%clk 01:15:17]} {[%emt 00:02:23]} 18. cxd5
{[%clk 01:18:09]} {[%emt 00:00:11]} Be7 {[%clk 01:14:08]} {[%emt 00:01:38]} 19.
dxc6 {[%clk 01:12:01]} {[%emt 00:06:38]} bxc6 {[%clk 01:14:32]} {[%emt
00:00:05]} 20. Bb2 {[%clk 01:11:00]} {[%emt 00:01:31]} Qa2 {[%clk 01:14:20]}
{[%emt 00:00:42]} 21. Ra1 {[%emt 00:02:47]} Qxb3 {[%clk 01:14:20]} {[%emt
00:00:28]} 22. Ra8 {[%clk 01:09:07]} {[%emt 00:00:08]} Bd8 {[%clk 01:14:43]}
{[%emt 00:00:06]} 23. Bxg7 {[%clk 01:09:26]} {[%emt 00:00:12]} Rg8 {[%clk
01:14:48]} {[%emt 00:00:24]} 24. Bf6 {[%clk 01:04:30]} {[%emt 00:05:27]} Kd7
{[%clk 01:15:10]} {[%emt 00:00:08]} 25. Qd2 {[%clk 01:02:57]} {[%emt 00:02:03]}
Qd5 {[%clk 01:15:31]} {[%emt 00:00:09]} 26. Ne5 {[%clk 01:03:14]} {[%emt
00:00:14]} Kc7 {[%clk 01:15:51]} {[%emt 00:00:10]} 27. Qa5 {[%clk 01:03:30]}
{[%emt 00:00:14]} Kd6 {[%clk 01:16:06]} {[%emt 00:00:14]} 28. Nxf7 {[%clk
01:00:49]} {[%emt 00:03:11]} Kc5 {[%clk 01:16:23]} {[%emt 00:00:12]} 29. Qa3
{[%clk 01:00:02]} {[%emt 00:01:19]} b4 {[%clk 01:16:42]} {[%emt 00:00:11]} 30.
Qc1 {[%clk 00:59:29]} {[%emt 00:01:03]} Kb5 {[%clk 01:16:51]} 31. Bxd8 {[%clk
00:59:43]} {[%emt 00:00:37]} Rxd8 {[%clk 01:17:02]} 32. Nxd8 {[%clk 00:59:43]}
c5 {[%clk 01:17:02]} 33. Qf1 {[%clk 00:59:43]} c4 {[%clk 01:17:02]} 34. Qa1
{[%clk 00:59:43]} c3 {[%clk 01:17:02]} 35. Ra5 {[%clk 00:59:43]} Kc4 {[%clk
01:17:02]} 36. Qa2 {[%clk 00:59:43]} b3 {[%clk 01:17:02]} 37. Qa4 {[%clk
00:59:43]} Kd3 {[%clk 01:17:02]} 38. Rxd5 {[%clk 00:59:43]} exd5 {[%clk
01:17:02]} 39. Qxb3 {[%clk 00:59:43]} d4 {[%clk 01:17:02]} 40. Nc6 {[%clk
00:59:43]} 1-0

[Event "DVM U20 2022"]
[Site "Münster GER"]
[Date "2022.12.29"]
[Round "6"]
[White "Andrei, Quentin"]
[Black "Meyer, Emil"]
[Result "1-0"]
[Termination "normal"]
[Board "6.5"]
[WhiteElo "1262"]
[BlackElo "1668"]
[WhiteClock "00:20:54"]
[BlackClock "00:12:35"]
[WhiteTeam "SK Bebenhausen 1992"]
[BlackTeam "Schachklub Münster 32 e. V."]
[PlyCount "93"]
[WhiteFideId "16255712"]
[BlackFideId "34625771"]
[EventCountry "GER"]
[EventRounds "7"]
[EventType "team-swiss"]
[EventDate "2022.12.26"]

1. d4 {[%clk 01:30:58]} {[%emt 00:00:02]} Nf6 {[%clk 01:30:50]} {[%emt
00:00:10]} 2. c4 {[%clk 01:31:26]} {[%emt 00:00:03]} g6 {[%clk 01:30:57]}
{[%emt 00:00:22]} 3. Nc3 {[%clk 01:31:51]} {[%emt 00:00:05]} Bg7 {[%clk
01:31:20]} {[%emt 00:00:06]} 4. e4 {[%clk 01:32:17]} {[%emt 00:00:05]} d6
{[%clk 01:31:46]} {[%emt 00:00:04]} 5. Nf3 {[%clk 01:32:26]} {[%emt 00:00:20]}
O-O {[%clk 01:32:09]} {[%emt 00:00:08]} 6. Be2 {[%clk 01:32:54]} {[%emt
00:00:02]} e5 {[%clk 01:32:18]} {[%emt 00:00:20]} 7. O-O {[%clk 01:33:20]}
{[%emt 00:00:04]} Nc6 {[%clk 01:32:42]} {[%emt 00:00:06]} 8. d5 {[%clk
01:33:47]} {[%emt 00:00:04]} Ne7 {[%clk 01:33:03]} {[%emt 00:00:07]} 9. Nd2
{[%clk 01:32:09]} {[%emt 00:02:09]} Ne8 {[%clk 01:30:12]} {[%emt 00:03:21]} 10.
b4 {[%clk 01:32:30]} {[%emt 00:00:10]} f5 {[%clk 01:28:29]} {[%emt 00:02:13]}
11. f3 {[%clk 01:32:51]} {[%emt 00:00:09]} f4 {[%clk 01:24:05]} {[%emt
00:04:53]} 12. c5 {[%clk 01:33:14]} {[%emt 00:00:07]} g5 {[%clk 01:22:14]}
{[%emt 00:02:21]} 13. Nc4 {[%clk 01:33:12]} {[%emt 00:00:32]} h5 {[%clk
01:19:42]} {[%emt 00:03:01]} 14. a4 {[%clk 01:32:23]} {[%emt 00:01:19]} Kh7
{[%clk 01:15:14]} {[%emt 00:04:56]} 15. Ba3 {[%clk 01:31:34]} {[%emt 00:01:21]}
Ng8 {[%clk 01:04:50]} {[%emt 00:10:53]} 16. b5 {[%clk 01:30:01]} {[%emt
00:02:04]} b6 {[%clk 00:58:18]} {[%emt 00:07:01]} 17. cxd6 {[%clk 01:25:41]}
{[%emt 00:04:50]} cxd6 {[%clk 00:58:15]} {[%emt 00:00:32]} 18. Bb4 {[%clk
01:20:36]} {[%emt 00:05:35]} a5 {[%clk 00:45:20]} {[%emt 00:13:26]} 19. bxa6
{[%clk 01:04:27]} {[%emt 00:16:38]} Bxa6 {[%clk 00:45:20]} {[%emt 00:00:30]}
20. Qb3 {[%clk 00:56:50]} {[%emt 00:08:07]} Rf7 {[%clk 00:39:39]} {[%emt
00:06:11]} 21. Ra2 {[%clk 00:53:44]} {[%emt 00:03:37]} Ngf6 {[%clk 00:37:50]}
{[%emt 00:02:19]} 22. Rfa1 {[%clk 00:53:34]} {[%emt 00:00:40]} Rb7 {[%clk
00:35:21]} {[%emt 00:02:55]} 23. a5 {[%clk 00:44:21]} {[%emt 00:09:47]} Bxc4
{[%clk 00:31:11]} {[%emt 00:04:39]} 24. Qxc4 {[%clk 00:44:15]} {[%emt
00:00:36]} Rc8 {[%clk 00:30:26]} {[%emt 00:01:14]} 25. Qa6 {[%clk 00:42:32]}
{[%emt 00:02:14]} Qc7 {[%clk 00:29:32]} {[%emt 00:01:24]} 26. Nb5 {[%clk
00:40:49]} {[%emt 00:02:13]} Qb8 {[%clk 00:27:40]} {[%emt 00:02:21]} 27. Bxd6
{[%clk 00:35:34]} {[%emt 00:05:46]} Nxd6 {[%clk 00:24:30]} {[%emt 00:03:40]}
28. Nxd6 {[%clk 00:35:48]} {[%emt 00:00:15]} Qxd6 {[%clk 00:22:42]} {[%emt
00:02:18]} 29. Qxb7 {[%clk 00:36:09]} {[%emt 00:00:09]} Qc5 {[%clk 00:23:08]}
{[%emt 00:00:04]} 30. Kf1 {[%clk 00:35:53]} {[%emt 00:00:44]} bxa5 {[%clk
00:20:20]} {[%emt 00:03:19]} 31. Rxa5 {[%clk 00:34:58]} {[%emt 00:01:25]} Rc7
{[%clk 00:19:33]} {[%emt 00:01:17]} 32. Rxc5 {[%clk 00:33:04]} {[%emt
00:02:24]} Rxb7 {[%clk 00:19:51]} {[%emt 00:00:12]} 33. Ra6 {[%clk 00:31:05]}
{[%emt 00:02:24]} g4 {[%clk 00:19:05]} {[%emt 00:01:21]} 34. d6 {[%clk
00:26:45]} {[%emt 00:04:49]} g3 {[%clk 00:16:21]} {[%emt 00:03:14]} 35. hxg3
{[%clk 00:26:18]} {[%emt 00:00:58]} fxg3 {[%clk 00:16:46]} {[%emt 00:00:05]}
36. Rb5 {[%clk 00:24:39]} {[%emt 00:02:08]} Rd7 {[%clk 00:14:58]} {[%emt
00:02:18]} 37. Rxe5 {[%clk 00:24:11]} {[%emt 00:00:59]} Rb7 {[%clk 00:14:24]}
{[%emt 00:01:04]} 38. Rb5 {[%clk 00:23:43]} {[%emt 00:00:58]} Rd7 {[%clk
00:13:15]} {[%emt 00:01:39]} 39. e5 {[%clk 00:23:36]} {[%emt 00:00:38]} Ne8
{[%clk 00:12:06]} {[%emt 00:01:38]} 40. Ra8 {[%clk 00:22:49]} {[%emt 00:01:18]}
Nxd6 {[%clk 00:11:46]} {[%emt 00:00:50]} 41. exd6 {[%clk 00:22:49]} {[%emt
00:00:31]} Rxd6 {[%clk 00:12:09]} {[%emt 00:00:06]} 42. Rxh5 {[%clk 00:22:44]}
{[%emt 00:00:35]} Kg6 {[%clk 00:12:26]} {[%emt 00:00:13]} 43. Rb5 {[%clk
00:22:34]} {[%emt 00:00:39]} Rc6 {[%clk 00:12:24]} {[%emt 00:00:33]} 44. Bd3
{[%clk 00:22:34]} {[%emt 00:00:31]} Kh6 {[%clk 00:12:35]} {[%emt 00:00:19]} 45.
Rb4 {[%clk 00:22:16]} {[%emt 00:00:47]} Rc1 {[%clk 00:12:19]} {[%emt 00:00:46]}
46. Ke2 {[%clk 00:22:32]} {[%emt 00:00:15]} Bc3 {[%clk 00:12:35]} {[%emt
00:00:14]} 47. Rb1 {[%clk 00:20:54]} {[%emt 00:02:05]} 1-0

[Event "DVM U20 2022"]
[Site "Münster GER"]
[Date "2022.12.29"]
[Round "6"]
[White "Schneider, Jana"]
[Black "Koll, Linus"]
[Result "1-0"]
[Termination "normal"]
[Board "7.1"]
[WhiteTitle "FM"]
[WhiteElo "2272"]
[BlackElo "2058"]
[WhiteClock "00:14:55"]
[BlackClock "00:00:42"]
[WhiteTeam "SC Bavaria Regensburg von 1881 e.V."]
[BlackTeam "Karlsruher SF 1853"]
[PlyCount "83"]
[WhiteFideId "12924997"]
[BlackFideId "12990299"]
[EventCountry "GER"]
[EventRounds "7"]
[EventType "team-swiss"]
[EventDate "2022.12.26"]

1. e4 {[%clk 01:30:56]} {[%emt 00:00:02]} c5 {[%clk 01:30:57]} {[%emt
00:00:04]} 2. Nf3 {[%clk 01:31:19]} {[%emt 00:00:06]} d6 {[%clk 01:31:23]}
{[%emt 00:00:04]} 3. d4 {[%clk 01:31:44]} {[%emt 00:00:05]} cxd4 {[%clk
01:31:49]} {[%emt 00:00:05]} 4. Nxd4 {[%clk 01:32:09]} {[%emt 00:00:05]} Nf6
{[%clk 01:32:14]} {[%emt 00:00:05]} 5. Nc3 {[%clk 01:32:33]} {[%emt 00:00:05]}
g6 {[%clk 01:32:39]} {[%emt 00:00:05]} 6. Be3 {[%clk 01:32:54]} {[%emt
00:00:08]} Bg7 {[%clk 01:33:05]} {[%emt 00:00:05]} 7. f3 {[%clk 01:33:13]}
{[%emt 00:00:11]} O-O {[%clk 01:33:30]} {[%emt 00:00:05]} 8. Qd2 {[%clk
01:33:14]} {[%emt 00:00:29]} Nc6 {[%clk 01:33:55]} {[%emt 00:00:06]} 9. O-O-O
{[%clk 01:33:31]} {[%emt 00:00:12]} Nxd4 {[%clk 01:34:14]} {[%emt 00:00:12]}
10. Bxd4 {[%clk 01:33:45]} {[%emt 00:00:16]} Be6 {[%clk 01:34:35]} {[%emt
00:00:08]} 11. g4 {[%clk 01:29:33]} {[%emt 00:04:42]} Qa5 {[%clk 01:34:15]}
{[%emt 00:00:51]} 12. g5 {[%clk 01:21:54]} {[%emt 00:08:08]} Nh5 {[%clk
01:26:03]} {[%emt 00:08:43]} 13. Bxg7 {[%clk 01:19:58]} {[%emt 00:02:26]} Nxg7
{[%clk 01:22:34]} {[%emt 00:03:59]} 14. Kb1 {[%clk 01:17:17]} {[%emt 00:03:10]}
Rfc8 {[%clk 01:22:31]} {[%emt 00:00:34]} 15. h4 {[%clk 01:14:58]} {[%emt
00:02:48]} a6 {[%clk 00:52:09]} {[%emt 00:30:52]} 16. Bh3 {[%clk 01:09:59]}
{[%emt 00:05:29]} Rc4 {[%clk 00:50:35]} {[%emt 00:02:04]} 17. Nd5 {[%clk
00:45:41]} {[%emt 00:24:47]} Qxd2 {[%clk 00:49:19]} {[%emt 00:01:47]} 18. Rxd2
{[%clk 00:46:03]} {[%emt 00:00:07]} Bxd5 {[%clk 00:47:11]} {[%emt 00:02:39]}
19. Rxd5 {[%clk 00:46:09]} {[%emt 00:00:24]} Ne6 {[%clk 00:43:28]} {[%emt
00:04:13]} 20. Rd2 {[%clk 00:44:23]} {[%emt 00:02:15]} Nf4 {[%clk 00:37:58]}
{[%emt 00:06:01]} 21. Bg4 {[%clk 00:44:36]} {[%emt 00:00:16]} h5 {[%clk
00:35:35]} {[%emt 00:02:54]} 22. gxh6 {[%clk 00:41:20]} {[%emt 00:03:47]} Kh7
{[%clk 00:35:52]} {[%emt 00:00:13]} 23. h5 {[%clk 00:35:34]} {[%emt 00:06:15]}
g5 {[%clk 00:35:18]} {[%emt 00:01:04]} 24. e5 {[%clk 00:35:21]} {[%emt
00:00:43]} d5 {[%clk 00:34:38]} {[%emt 00:01:10]} 25. e6 {[%clk 00:33:35]}
{[%emt 00:02:16]} fxe6 {[%clk 00:33:09]} {[%emt 00:01:59]} 26. Re1 {[%clk
00:33:58]} {[%emt 00:00:06]} Rc6 {[%clk 00:29:42]} {[%emt 00:03:58]} 27. c4
{[%clk 00:34:12]} {[%emt 00:00:16]} Kxh6 {[%clk 00:17:04]} {[%emt 00:13:08]}
28. cxd5 {[%clk 00:34:19]} {[%emt 00:00:23]} Rd6 {[%clk 00:17:10]} {[%emt
00:00:24]} 29. Rc2 {[%clk 00:29:17]} {[%emt 00:05:31]} Rad8 {[%clk 00:13:39]}
{[%emt 00:04:02]} 30. dxe6 {[%clk 00:27:40]} {[%emt 00:02:07]} Rd1 {[%clk
00:09:03]} {[%emt 00:05:06]} 31. Rc1 {[%clk 00:28:02]} {[%emt 00:00:08]} Rxe1
{[%clk 00:03:49]} {[%emt 00:05:44]} 32. Rxe1 {[%clk 00:25:27]} {[%emt
00:03:06]} Rd2 {[%clk 00:04:11]} {[%emt 00:00:08]} 33. Kc1 {[%clk 00:19:23]}
{[%emt 00:06:33]} Rxb2 {[%clk 00:03:23]} {[%emt 00:01:18]} 34. Kxb2 {[%clk
00:14:35]} {[%emt 00:05:18]} Nd3 {[%clk 00:03:50]} {[%emt 00:00:03]} 35. Kc3
{[%clk 00:14:52]} {[%emt 00:00:13]} Nxe1 {[%clk 00:04:15]} {[%emt 00:00:06]}
36. Kb4 {[%clk 00:14:09]} {[%emt 00:01:12]} Nd3 {[%clk 00:02:19]} {[%emt
00:02:26]} 37. Ka5 {[%clk 00:14:26]} {[%emt 00:00:13]} Nc1 {[%clk 00:01:12]}
{[%emt 00:01:37]} 38. a3 {[%clk 00:14:35]} {[%emt 00:00:21]} Nb3 {[%clk
00:00:47]} {[%emt 00:00:56]} 39. Kb6 {[%clk 00:14:58]} {[%emt 00:00:07]} a5
{[%clk 00:00:40]} {[%emt 00:00:38]} 40. Kxb7 {[%clk 00:14:55]} {[%emt
00:00:33]} Nd4 {[%clk 00:00:36]} {[%emt 00:00:34]} 41. Kb6 {[%clk 00:14:57]}
{[%emt 00:00:28]} a4 {[%clk 00:00:42]} {[%emt 00:00:24]} 42. Ka5 {[%clk
00:14:55]} {[%emt 00:00:32]} 1-0